000 00413nam a2200181Ia 4500
001 4629
005 20260306145810.0
008 260306t2006||||xx |||||||||||||| ||spa||
041 _aESP
082 _a327.86
_bA93
100 _aAyala Lasso, José
_eAUT
245 0 _aAsi se ganó la paz
260 _c2006
300 _a564 páginas :
_c25 cm.
650 _aGEN
654 _aCHU
942 _cLIB
_dJUS
_fJUS
_2ddc
_n
999 _c4629
_d4629